L'organisation de l'enseignement special pour debiles mentaux. (Record no. 46095)
[ view plain ]
| 000 -LEADER | |
|---|---|
| campo de control de longitud fija | 00612nam a2200181 i 4500 |
| 001 - NÚMERO DE CONTROL | |
| campo de control | 46095 |
| 003 - IDENTIFICADOR DE NÚMERO DE CONTROL | |
| campo de control | ES-MaACL |
| 005 - FECHA Y HORA DE LA ÚLTIMA TRANSACCIÓN | |
| campo de control | 20250828084000.0 |
| 007 - CAMPO FIJO DE DESCRIPCIÓN FÍSICA--INFORMACIÓN GENERAL | |
| campo de control de longitud fija | t| |
| 008 - DATOS DE LONGITUD FIJA--INFORMACIÓN GENERAL | |
| campo de control de longitud fija | 030327s1960 fr ||||1| fre d |
| 111 2# - ENTRADA PRINCIPAL--NOMBRE DE CONGRESO/REUNIÓN | |
| Nombre de congreso/reunión o jurisdicción como elemento de entrada | Conférence Internationale de l'Instruction Publique ( |
| Número del congreso/reunión o número de parte o sección | 23ª. |
| Fecha del congreso o de la firma del tratado | 1960. |
| Sede del congreso/Lugar de la reunión | Ginebra) |
| 9 (RLIN) | 163 |
| 245 12 - MENCIÓN DEL TÍTULO | |
| Título | L'organisation de l'enseignement special pour debiles mentaux. |
| 260 ## - PUBLICACIÓN, DISTRIBUCIÓN, ETC. | |
| Lugar de publicación, distribución, etc. | Paris, etc. : |
| Nombre del editor, distribuidor, etc. | Bureau International d'Education, |
| Fecha de publicación, distribución, etc. | 1960. |
| 300 ## - DESCRIPCIÓN FÍSICA | |
| Extensión | 273 p. ; |
| Dimensiones | 25 cm. |
| 710 20 - ENTRADA AGREGADA--NOMBRE DE ENTIDAD CORPORATIVA | |
| Nombre de entidad corporativa o nombre de jurisdicción como elemento de entrada | Oficina Internacional de Educación |
| 9 (RLIN) | 6022 |
| 852 ## - LOCALIZACIÓN | |
| Ubicación | ES-MaACL |
| Número de control de estantería | C-18934 |
| Sublocalización o colección | R.46642 |
| Estatus retirado | Estado de pérdida | Estado de daño | No para préstamo | Biblioteca de origen | Biblioteca actual | Ubicación en estantería | Fecha de adquisición | Fuente de adquisición | Total de préstamos | Signatura topográfica completa | Código de barras | Visto por última vez | Precio de reemplazo | Tipo de ítem Koha |
|---|---|---|---|---|---|---|---|---|---|---|---|---|---|---|
| Biblioteca del Ateneo de Madrid | Biblioteca del Ateneo de Madrid | Galería | 17/01/2008 | C-18934 | 1048491 | 23/02/2023 | 23/02/2023 | Libro impreso |
